Freedom movement and Indian Muslims / (Record no. 141826)

MARC details
000 -LEADER
fixed length control field 00616nam a22001937a 4500
005 - DATE AND TIME OF LATEST TRANSACTION
control field 20170622131804.0
010 ## - LCCN (DPL NO)
LC control number ENG-118786
020 ## - INTERNATIONAL STANDARD BOOK NUMBER
International Standard Book Number 9788123761398
Terms of availability 60.00
035 ## - SYSTEM CONTROL NUMBER
System control number EN-102318
037 ## - SOURCE OF ACQUISITION
Source of stock number/acquisition DBAD/PUB
082 ## - DEWEY DECIMAL CLASSIFICATION NUMBER
Classification number 954.0841
100 ## - MAIN ENTRY--PERSONAL NAME
Personal name Ray, Santimoy
245 ## - TITLE STATEMENT
Title Freedom movement and Indian Muslims /
Statement of responsibility, etc by Santimoy Ray
260 ## - PUBLICATION, DISTRIBUTION, ETC. (IMPRINT)
Place of publication, distribution, etc New Delhi
Name of publisher, distributor, etc National Book Trust
Date of publication, distribution, etc 2011
270 ## - ADDRESS
Address Nehru Bhawan, 5, Industrial Area, Phase-II Vasant Kunj, New Delhi-110070
300 ## - PHYSICAL DESCRIPTION
Extent xvi,159p
Dimensions 22cm.(pbk)
500 ## - GENERAL NOTE
General note Includes bibliographical refrence
942 ## - ADDED ENTRY ELEMENTS (KOHA)
Source of classification or shelving scheme Dewey Decimal Classification
Item type English Books
Classification part 954.0841
Call number suffix RAY
Holdings
Withdrawn status Lost status Not for loan Collection code Home library Current library Date acquired Source of acquisition Cost, normal purchase price Full call number Barcode Copy number Cost, replacement price Koha item type
    Not For Loan Non-fiction D.B.Act.Division Bawana 22/06/2017 DBAD/PUB 60.00 954.0841 RAY EN-102318 1 60.00 English Books

© Delhi Public Library
Hit Counter
free hit counter